[Event "Regionalliga NO 0304"]
[Site "Bayern"]
[Date "2003.10.12"]
[Round "1.7"]
[White "Hoffmann, Ayar"]
[Black "Lehmann, Volker"]
[Result "1/2-1/2"]
[WhiteElo "1837"]
[BlackElo "1993"]
[PlyCount "79"]
[EventDate "2003.10.??"]
[EventType "team-tourn"]
[EventRounds "9"]
[EventCountry "GER"]
[SourceTitle "EXT 2006"]
[Source "ChessBase"]
[SourceDate "2005.11.24"]
[SourceVersion "1"]
[SourceVersionDate "2005.11.24"]
[SourceQuality "1"]
[WhiteTeam "Postbauer Heng"]
[BlackTeam "Zirndorf II"]
[WhiteTeamCountry "GER"]
[BlackTeamCountry "GER"]

1. Nf3 Nf6 2. g3 d6 3. Bg2 e5 4. d3 g6 5. e4 Bg7 6. 0-0 0-0 7. Nbd2 Nc6 8. b3 h6 9. Bb2 Be6 10. h3 Qd7 11. Kh2 Kh7 12. Re1 a5 13. a4 Rab8 14. c4 Nb4 15. Nf1 c5 16. Bc3 Ng8 17. g4 f6 18. Ng3 Ne7 19. Nh4 Nec6 20. Bf1 Nd4 21. Bxd4 cxd4 22. Bg2 Rg8 23. Rf1 Rbf8 24. Bh1 Nc6 25. Ra2 Rf7 26. f3 Rff8 27. Raf2 Qd8 28. Ng2 g5 29. h4 Rh8 30. h5 Qb6 31. Qb1 Nb4 32. Ne1 Rc8 33. Rb2 Qc5 34. Rff2 Rc6 35. Bg2 Rb6 36. Bf1 Rc8 37. Ne2 Ra8 38. Nc1 Bd7 39. Na2 Kg8 40. Nxb4 1/2-1/2

[Event "Regionalliga NO 0102"]
[Site "Bayern"]
[Date "2002.04.14"]
[Round "8.5"]
[White "Lehmann, Volker"]
[Black "Muenster, Erich"]
[Result "1/2-1/2"]
[WhiteElo "1995"]
[BlackElo "2085"]
[PlyCount "35"]
[EventDate "2001.10.07"]
[EventType "team-tourn"]
[EventRounds "9"]
[EventCountry "GER"]
[SourceTitle "EXT 2003"]
[Source "ChessBase"]
[SourceDate "2002.11.25"]
[SourceVersion "1"]
[SourceVersionDate "2002.11.25"]
[SourceQuality "1"]
[WhiteTeam "Zirndorf II"]
[BlackTeam "Cham"]
[WhiteTeamCountry "GER"]
[BlackTeamCountry "GER"]

1. e4 e5 2. Nf3 Nc6 3. Nc3 Nf6 4. Bb5 Bb4 5. 0-0 d6 6. Nd5 Bc5 7. d4 exd4 8. Nxd4 Bd7 9. c3 Ng4 10. Bxc6 bxc6 11. Ne3 Nxe3 12. Bxe3 0-0 13. Nc2 Bxe3 14. Nxe3 Re8 15. Qd3 Qe7 16. f3 Rab8 17. Rab1 Rb5 18. Rfe1 1/2-1/2

[Event "Regionalliga NO 0102"]
[Site "Bayern"]
[Date "2002.03.17"]
[Round "7.7"]
[White "Wahl, Markus"]
[Black "Lehmann, Volker"]
[Result "1/2-1/2"]
[WhiteElo "1910"]
[BlackElo "1995"]
[PlyCount "169"]
[EventDate "2001.10.07"]
[EventType "team-tourn"]
[EventRounds "9"]
[EventCountry "GER"]
[SourceTitle "EXT 2003"]
[Source "ChessBase"]
[SourceDate "2002.11.25"]
[SourceVersion "1"]
[SourceVersionDate "2002.11.25"]
[SourceQuality "1"]
[WhiteTeam "Puschendorf"]
[BlackTeam "Zirndorf II"]
[WhiteTeamCountry "GER"]
[BlackTeamCountry "GER"]

1. d4 Nf6 2. Bg5 d5 3. Bxf6 exf6 4. e3 Bf5 5. c4 Bxb1 6. Qa4+ Qd7 7. Qxd7+ Nxd7 8. Rxb1 Bb4+ 9. Kd1 dxc4 10. Bxc4 Nb6 11. Bd3 0-0 12. a3 Be7 13. Nf3 Rad8 14. Ke2 Rfe8 15. Rhd1 Bf8 16. Rbc1 c6 17. Kf1 g6 18. g4 h6 19. h4 Be7 20. h5 g5 21. Ng1 Bd6 22. Ne2 Nd5 23. Nc3 Nxc3 24. bxc3 Kf8 25. c4 c5 26. d5 Be5 27. Rb1 b6 28. Rb3 Rb8 29. Rdb1 Red8 30. a4 Ke8 31. Ra3 Bc7 32. Kg2 Kf8 33. Rf1 Re8 34. Bf5 Kg7 35. Rd3 Red8 36. Rd2 Bd6 37. Re2 Re8 38. Rb2 Bc7 39. Rfb1 Red8 40. Kf1 Kf8 41. Ke2 Kg7 42. Kd3 Kf8 43. Kc2 Kg7 44. Rb3 Kf8 45. Rb5 Ke7 46. R5b3 Kf8 47. Rf1 Kg7 48. Rd3 Bd6 49. Kd2 Kf8 50. Bh7 Kg7 51. Bf5 Kf8 52. Bh7 Kg7 53. Bf5 Kf8 54. Kc1 Kg7 55. Rb3 Kf8 56. Kb1 Ke7 57. Kc2 Kf8 58. Kd3 Kg7 59. Rb2 Be5 60. Rbb1 Bc7 61. Kc3 Be5+ 62. Kc2 Bc7 63. Bd3 Re8 64. Rbd1 Bd6 65. Kd2 Red8 66. Bb1 Re8 67. Bc2 Red8 68. Rde1 Re8 69. Bd3 Red8 70. f4 Re8 71. Rf3 gxf4 72. exf4 Rxe1 73. Kxe1 Re8+ 74. Kd2 Re7 75. Bf5 Re8 76. Rf1 Re7 77. Kd3 Re8 78. Be4 Rd8 79. Ke3 Bc7 80. Kf3 Bd6 81. Rg1 Be7 82. Ra1 Bd6 83. a5 Bc7 84. a6 Bd6 85. Rg1 1/2-1/2

[Event "Regionalliga NO 0102"]
[Site "Bayern"]
[Date "2002.02.24"]
[Round "6.7"]
[White "Lehmann, Volker"]
[Black "Vogiatzis, Dimitrios"]
[Result "1/2-1/2"]
[WhiteElo "1995"]
[BlackElo "1925"]
[PlyCount "56"]
[EventDate "2001.10.07"]
[EventType "team-tourn"]
[EventRounds "9"]
[EventCountry "GER"]
[SourceTitle "EXT 2003"]
[Source "ChessBase"]
[SourceDate "2002.11.25"]
[SourceVersion "1"]
[SourceVersionDate "2002.11.25"]
[SourceQuality "1"]
[WhiteTeam "Zirndorf II"]
[BlackTeam "Nuernberg II"]
[WhiteTeamCountry "GER"]
[BlackTeamCountry "GER"]

1. e4 e5 2. Nf3 d5 3. d4 dxe4 4. Nxe5 Bd6 5. Nc3 Bxe5 6. dxe5 Qxd1+ 7. Kxd1 Nc6 8. Nxe4 Nxe5 9. Bf4 Ng4 10. h3 Bf5 11. hxg4 Bxe4 12. f3 0-0-0+ 13. Ke1 Bg6 14. Rd1 Ne7 15. Bc4 Rxd1+ 16. Kxd1 Rd8+ 17. Bd2 Rd4 18. Bb3 c5 19. c3 Rd6 20. Kc1 b5 21. Bf4 Ra6 22. Re1 Kd8 23. Rd1+ Kc8 24. Bd6 c4 25. Bxe7 cxb3 26. axb3 Re6 27. Bh4 Ra6 28. Be7 Re6 1/2-1/2

[Event "Regionalliga NO 0102"]
[Site "Bayern"]
[Date "2001.10.07"]
[Round "1.6"]
[White "Firla, Erwin"]
[Black "Lehmann, Volker"]
[Result "1/2-1/2"]
[WhiteElo "1980"]
[BlackElo "1995"]
[PlyCount "98"]
[EventDate "2001.10.07"]
[EventType "team-tourn"]
[EventRounds "9"]
[EventCountry "GER"]
[SourceTitle "EXT 2003"]
[Source "ChessBase"]
[SourceDate "2002.11.25"]
[SourceVersion "1"]
[SourceVersionDate "2002.11.25"]
[SourceQuality "1"]
[WhiteTeam "Postbauer Heng"]
[BlackTeam "Zirndorf II"]
[WhiteTeamCountry "GER"]
[BlackTeamCountry "GER"]

1. e4 e5 2. Nf3 Nf6 3. Nxe5 d6 4. Nf3 Nxe4 5. Qe2 Qe7 6. d3 Nf6 7. Bg5 Qxe2+ 8. Bxe2 Be7 9. 0-0 0-0 10. Nbd2 Bg4 11. Rfe1 Nbd7 12. Nd4 Bxe2 13. Rxe2 Rfe8 14. Rae1 Bf8 15. Nb5 Rxe2 16. Rxe2 c6 17. Nd4 Re8 18. Rxe8 Nxe8 19. Nc4 d5 20. Na5 c5 21. Nf5 f6 22. Bf4 g6 23. Ne3 d4 24. Nd5 b6 25. Nc6 a6 26. c4 dxc3 27. bxc3 b5 28. Kf1 h5 29. h4 Kh7 30. Ke2 Bh6 31. Bh2 Bg7 32. d4 cxd4 33. cxd4 Bf8 34. Kd3 Kg7 35. Bf4 Ba3 36. Ndb4 Bxb4 37. Nxb4 a5 38. Nc6 a4 39. d5 Kf7 40. Kd4 Ng7 41. g3 Nf5+ 42. Kc3 Nb6 43. Nb4 Nc4 44. Nc6 Nb6 45. Nb4 Nc4 46. Bc7 Ke7 47. Nc2 Kd7 48. Bf4 Nb6 49. Nb4 Nc4 1/2-1/2

[Event "Regionalliga NO 0001"]
[Site "Bayern"]
[Date "2000.12.10"]
[Round "3.8"]
[White "Lehmann, Volker"]
[Black "Suess, Helmut"]
[Result "1/2-1/2"]
[WhiteElo "1995"]
[BlackElo "2000"]
[PlyCount "63"]
[EventDate "2000.10.15"]
[EventType "team-tourn"]
[EventRounds "9"]
[EventCountry "GER"]
[SourceTitle "EXT 2020"]
[Source "ChessBase"]
[SourceDate "2019.10.17"]
[SourceVersion "1"]
[SourceVersionDate "2019.10.17"]
[SourceQuality "1"]
[WhiteTeam "Zirndorf II"]
[BlackTeam "Nuernberg Noris Tarrasch II"]
[WhiteTeamCountry "GER"]
[BlackTeamCountry "GER"]

1. e4 c6 2. d4 d5 3. exd5 cxd5 4. Bd3 Nc6 5. c3 Nf6 6. Bf4 e6 7. Nd2 Bd6 8. Bxd6 Qxd6 9. Ngf3 b6 10. 0-0 0-0 11. Re1 a5 12. Qe2 Qf4 13. Rad1 h5 14. Ne5 Bb7 15. Ndf3 Ra7 16. h3 Ne7 17. Rc1 g6 18. g3 Qh6 19. Kg2 Bc8 20. Qd2 Qxd2 21. Nxd2 Rd8 22. Ndf3 Nd7 23. g4 Nxe5 24. Nxe5 hxg4 25. hxg4 Kg7 26. Rh1 f6 27. Nf3 Ba6 28. Bxa6 Rxa6 29. Rh2 Raa8 30. Rch1 Rh8 31. g5 Rxh2+ 32. Rxh2 1/2-1/2